<?xml version="1.0" encoding="UTF-8"?>
<record
    xmlns:xsi="http://www.w3.org/2001/XMLSchema-instance"
    xsi:schemaLocation="http://www.loc.gov/MARC21/slim http://www.loc.gov/standards/marcxml/schema/MARC21slim.xsd"
    xmlns="http://www.loc.gov/MARC21/slim">

  <leader>01801nam a2200493 i 4500</leader>
  <controlfield tag="001">xx005921263</controlfield>
  <controlfield tag="003">NUKAT</controlfield>
  <controlfield tag="005">20260421133959.0</controlfield>
  <controlfield tag="008">260413s2026    pl a         |010 0 pol c</controlfield>
  <datafield tag="020" ind1=" " ind2=" ">
    <subfield code="a">9788367593038</subfield>
    <subfield code="q">(oprawa mi&#x119;kka) :</subfield>
    <subfield code="c">egzemplarz bezp&#x142;atny</subfield>
  </datafield>
  <datafield tag="035" ind1=" " ind2=" ">
    <subfield code="a">(NUKAT)xx005921263</subfield>
  </datafield>
  <datafield tag="040" ind1=" " ind2=" ">
    <subfield code="a">OLSZT 008/bak</subfield>
    <subfield code="b">pol</subfield>
    <subfield code="e">rda</subfield>
    <subfield code="c">OLSZT 008/bak</subfield>
  </datafield>
  <datafield tag="045" ind1="2" ind2=" ">
    <subfield code="b">d1886</subfield>
    <subfield code="b">d1939</subfield>
  </datafield>
  <datafield tag="046" ind1=" " ind2=" ">
    <subfield code="k">2026</subfield>
  </datafield>
  <datafield tag="100" ind1="1" ind2=" ">
    <subfield code="a">Rai&#x144;ska, Kinga.</subfield>
    <subfield code="e">Autor</subfield>
    <subfield code="9">40369</subfield>
  </datafield>
  <datafield tag="245" ind1="1" ind2="0">
    <subfield code="a">"Gazeta Olszty&#x144;ska" 1886-1939 :</subfield>
    <subfield code="b">w 140. rocznic&#x119; pierwszego numeru /</subfield>
    <subfield code="c">opracowanie merytoryczne Kinga Rai&#x144;ska.</subfield>
  </datafield>
  <datafield tag="260" ind1=" " ind2=" ">
    <subfield code="a">Olsztyn :</subfield>
    <subfield code="b">Muzeum Warmii i Mazur w Olsztynie,</subfield>
    <subfield code="c">2026.</subfield>
  </datafield>
  <datafield tag="300" ind1=" " ind2=" ">
    <subfield code="a">36 stron :</subfield>
    <subfield code="b">ilustracje ;</subfield>
    <subfield code="c">30 cm.</subfield>
  </datafield>
  <datafield tag="336" ind1=" " ind2=" ">
    <subfield code="a">Tekst</subfield>
    <subfield code="b">txt</subfield>
    <subfield code="2">rdacontent</subfield>
  </datafield>
  <datafield tag="337" ind1=" " ind2=" ">
    <subfield code="a">Bez urz&#x105;dzenia po&#x15B;rednicz&#x105;cego</subfield>
    <subfield code="b">n</subfield>
    <subfield code="2">rdamedia</subfield>
  </datafield>
  <datafield tag="338" ind1=" " ind2=" ">
    <subfield code="a">Wolumin</subfield>
    <subfield code="b">nc</subfield>
    <subfield code="2">rdacarrier</subfield>
  </datafield>
  <datafield tag="380" ind1=" " ind2=" ">
    <subfield code="a">Ksi&#x105;&#x17C;ki</subfield>
  </datafield>
  <datafield tag="380" ind1=" " ind2=" ">
    <subfield code="a">Publikacje popularnonaukowe</subfield>
  </datafield>
  <datafield tag="388" ind1="1" ind2=" ">
    <subfield code="a">2001-</subfield>
  </datafield>
  <datafield tag="500" ind1=" " ind2=" ">
    <subfield code="a">Opis cz&#x119;&#x15B;ciowo wed&#x142;ug ok&#x142;adki.</subfield>
  </datafield>
  <datafield tag="630" ind1="0" ind2="7">
    <subfield code="a">Gazeta Olszty&#x144;ska (1886-1939)</subfield>
    <subfield code="2">DBN</subfield>
    <subfield code="9">40375</subfield>
  </datafield>
  <datafield tag="648" ind1=" " ind2="7">
    <subfield code="a">1801-1900</subfield>
    <subfield code="2">DBN</subfield>
    <subfield code="9">36037</subfield>
  </datafield>
  <datafield tag="648" ind1=" " ind2="7">
    <subfield code="a">1901-2000</subfield>
    <subfield code="2">DBN</subfield>
    <subfield code="9">34996</subfield>
  </datafield>
  <datafield tag="648" ind1=" " ind2="7">
    <subfield code="a">1901-1914</subfield>
    <subfield code="2">DBN</subfield>
    <subfield code="9">36038</subfield>
  </datafield>
  <datafield tag="648" ind1=" " ind2="7">
    <subfield code="a">1914-1918</subfield>
    <subfield code="2">DBN</subfield>
    <subfield code="9">36040</subfield>
  </datafield>
  <datafield tag="648" ind1=" " ind2="7">
    <subfield code="a">1918-1939</subfield>
    <subfield code="2">DBN</subfield>
    <subfield code="9">36041</subfield>
  </datafield>
  <datafield tag="650" ind1=" " ind2="7">
    <subfield code="a">Czasopismo polskie</subfield>
    <subfield code="2">DBN</subfield>
    <subfield code="9">39088</subfield>
  </datafield>
  <datafield tag="650" ind1=" " ind2="7">
    <subfield code="a">Gazeta</subfield>
    <subfield code="2">DBN</subfield>
    <subfield code="9">40376</subfield>
  </datafield>
  <datafield tag="651" ind1=" " ind2="7">
    <subfield code="a">Olsztyn (woj. warmi&#x144;sko-mazurskie)</subfield>
    <subfield code="2">DBN</subfield>
    <subfield code="9">35996</subfield>
  </datafield>
  <datafield tag="655" ind1=" " ind2="7">
    <subfield code="a">Broszura</subfield>
    <subfield code="2">DBN</subfield>
    <subfield code="9">34954</subfield>
  </datafield>
  <datafield tag="655" ind1=" " ind2="7">
    <subfield code="a">Opracowanie</subfield>
    <subfield code="2">DBN</subfield>
    <subfield code="9">35024</subfield>
  </datafield>
  <datafield tag="655" ind1=" " ind2="7">
    <subfield code="a">Publikacja bogato ilustrowana</subfield>
    <subfield code="2">DBN</subfield>
    <subfield code="9">35165</subfield>
  </datafield>
  <datafield tag="655" ind1=" " ind2="7">
    <subfield code="a">Publikacja okoliczno&#x15B;ciowa</subfield>
    <subfield code="2">DBN</subfield>
    <subfield code="9">36813</subfield>
  </datafield>
  <datafield tag="658" ind1=" " ind2=" ">
    <subfield code="a">Historia</subfield>
  </datafield>
  <datafield tag="658" ind1=" " ind2=" ">
    <subfield code="a">Media i komunikacja spo&#x142;eczna</subfield>
  </datafield>
  <datafield tag="710" ind1="2" ind2=" ">
    <subfield code="a">Muzeum Warmii i Mazur (Olsztyn).</subfield>
    <subfield code="e">Wydawca</subfield>
    <subfield code="4">pbl</subfield>
    <subfield code="9">11735</subfield>
  </datafield>
  <datafield tag="920" ind1=" " ind2=" ">
    <subfield code="a">978-83-67593-03-8 (oprawa mi&#x119;kka) : egzemplarz bezp&#x142;atny</subfield>
  </datafield>
  <datafield tag="942" ind1=" " ind2=" ">
    <subfield code="2">ddc</subfield>
    <subfield code="c">BK_NM</subfield>
  </datafield>
  <datafield tag="999" ind1=" " ind2=" ">
    <subfield code="c">27713</subfield>
    <subfield code="d">27713</subfield>
  </datafield>
  <datafield tag="952" ind1=" " ind2=" ">
    <subfield code="0">0</subfield>
    <subfield code="1">0</subfield>
    <subfield code="2">ddc</subfield>
    <subfield code="4">0</subfield>
    <subfield code="7">0</subfield>
    <subfield code="8">K_mag</subfield>
    <subfield code="a">BIP</subfield>
    <subfield code="b">BIP</subfield>
    <subfield code="d">2026-04-21</subfield>
    <subfield code="e">D-43/2026</subfield>
    <subfield code="f">D</subfield>
    <subfield code="g">30.00</subfield>
    <subfield code="i">73972</subfield>
    <subfield code="l">0</subfield>
    <subfield code="o">73972</subfield>
    <subfield code="p">IPWK24040</subfield>
    <subfield code="r">2026-04-21 13:43:46</subfield>
    <subfield code="w">2026-04-21</subfield>
    <subfield code="y">BK_NM</subfield>
    <subfield code="z">+ nr jubileuszowy 57(21626) GO: 140 stron, 140 lat historii</subfield>
  </datafield>
  <datafield tag="952" ind1=" " ind2=" ">
    <subfield code="0">0</subfield>
    <subfield code="1">0</subfield>
    <subfield code="2">ddc</subfield>
    <subfield code="4">0</subfield>
    <subfield code="7">0</subfield>
    <subfield code="8">K_mag</subfield>
    <subfield code="a">BIP</subfield>
    <subfield code="b">BIP</subfield>
    <subfield code="d">2026-04-21</subfield>
    <subfield code="e">D-43/2026</subfield>
    <subfield code="f">D</subfield>
    <subfield code="g">4.99</subfield>
    <subfield code="i"> </subfield>
    <subfield code="l">0</subfield>
    <subfield code="o">w 73972</subfield>
    <subfield code="p">IPWK21622</subfield>
    <subfield code="r">2026-04-21 13:45:30</subfield>
    <subfield code="w">2026-04-21</subfield>
    <subfield code="y">BK_NM</subfield>
    <subfield code="z">+ nr jubileuszowy 57(21626) GO: 140 stron, 140 lat historii</subfield>
  </datafield>
</record>
